Mechanics of materials (Record no. 6027)

000 -LEADER
fixed length control field 00600nam a2200229 i 4500
001 - CONTROL NUMBER
control field 6027
003 - CONTROL NUMBER IDENTIFIER
control field BD-DhUET
008 - FIXED-LENGTH DATA ELEMENTS--GENERAL INFORMATION
fixed length control field 770505s1978 nyua 001 0 eng
040 ## - CATALOGING SOURCE
Original cataloging agency DLC
Transcribing agency DLC
Modifying agency BD-DhUET
082 00 - DEWEY DECIMAL CLASSIFICATION NUMBER
Classification number 620.11
Item number HIG/1978
100 ## - MAIN ENTRY--PERSONAL NAME
Personal name Higdon, Archie
245 00 - TITLE STATEMENT
Title Mechanics of materials
250 ## - EDITION STATEMENT
Edition statement 3rd ed.
260 ## - PUBLICATION, DISTRIBUTION, ETC. (IMPRINT)
Place of publication, distribution, etc. New York
Name of publisher, distributor, etc. John Wiley and Sons
Date of publication, distribution, etc. 1978
300 ## - PHYSICAL DESCRIPTION
Extent xiv, 752 p.
Other physical details ill.
Dimensions 24 cm.
504 ## - BIBLIOGRAPHY, ETC. NOTE
Bibliography, etc Includes bibliographies
650 #0 - SUBJECT ADDED ENTRY--TOPICAL TERM
Topical term or geographic name as entry element Strength of materials
700 ## - ADDED ENTRY--PERSONAL NAME
Personal name Ohlsen, Wdward H.
700 ## - ADDED ENTRY--PERSONAL NAME
Personal name Stiles , William B.
700 ## - ADDED ENTRY--PERSONAL NAME
Personal name Weese, John A.
942 ## - ADDED ENTRY ELEMENTS (KOHA)
Koha item type General Book
Holdings
Piece designation (barcode) Damaged status Withdrawn status Koha normalized classification for sorting Koha date last seen Koha item type Koha issues (times borrowed) Price effective from Not for loan Koha collection Date acquired Source of classification or shelving scheme Sublocation or collection (holding branch) Location (home branch) Copy number Lost status Koha full call number Koha renewals Shelving location Koha date last borrowed
61731  620_110000000000000_HIG_19782014-11-29General Book 2014-11-29  2014-11-29 Central Library, BUETCentral Library, BUET7 620.11/HIG/1978 Circulation section 
61725  620_110000000000000_HIG_19782014-12-02General Book 2014-12-02  2014-12-02 Central Library, BUETCentral Library, BUET2 620.11/HIG/1978 Circulation section 
61733  620_110000000000000_HIG_19782014-12-02General Book 2014-12-02  2014-12-02 Central Library, BUETCentral Library, BUET3 620.11/HIG/1978 Circulation section 
61727  620_000000000000000_11HIG19782024-02-13General Book12014-12-02  2014-12-02 Central Library, BUETCentral Library, BUET4 620.11/HIG/19781Circulation section2019-02-27
61726  620_110000000000000_HIG_19782014-12-02General Book 2014-12-02  2014-12-02 Central Library, BUETCentral Library, BUET5 620.11/HIG/1978 Circulation section 
61728  620_000000000000000_11HIG19782014-12-02General Book 2014-12-02  2014-12-02 Central Library, BUETCentral Library, BUET6 620.11/HIG/1978 Circulation section 
61730  620_000000000000000_11HIG19782014-12-02General Book 2014-12-02  2014-12-02 Central Library, BUETCentral Library, BUET1 620.11/HIG/1978 Circulation section 
61732  620_000000000000000_11HIG19782014-12-02General Book 2014-12-02  2014-12-02 Central Library, BUETCentral Library, BUET8 620.11/HIG/1978 Circulation section 
61729  620_110000000000000_HIG_19782015-01-10General Book 2015-01-10  2015-01-10 Central Library, BUETCentral Library, BUET9 620.11/HIG/1978 Circulation section 
61734  620_110000000000000_HIG_19782015-01-28General Book 2015-01-28 Non Fiction2015-01-28 Central Library, BUETCentral Library, BUET10 620.11/HIG/1978 Circulation section